| 000 | 00626nac a22001811u 4500 | ||
|---|---|---|---|
| 020 | _a0442002939 | ||
| 082 |
_a690.11 _bA496 |
||
| 090 |
_c3102 _d3102 |
||
| 100 | _aAmbrose, James E. | ||
| 245 |
_aBuilding construction : _cJames Ambrose E. _nv.3 _psite and below-grade systems / |
||
| 260 |
_aNew York: _bChapman & Hall,1992. |
||
| 300 |
_a156 p. : _bIll. ; _c29 cm. |
||
| 500 | _aIncludes index | ||
| 650 | _aFoundations | ||
| 650 | _aBuilding sites | ||
| 942 |
_cBB _k690.11A496 |
||
| 999 |
_c3102 _d3102 |
||